000 00499nam a2200157 a 4500
008 120416s1989 ||||||||||||||||| || u
020 _a0394355792
050 _aHD 31 Pea
100 _aPearce, John A
245 1 0 _aManagement
260 _aNew York
_bRandom House
_c1989
300 _axxiii, 773p. : ill
350 _a0.00
650 0 _aMANAGEMENT
995 _D0.00
_FCBU-MAIN LIBRARY (Kitwe)
_H1
_I41.95
_M1
_UDAMAGED
_ZMain Library Open Access Collection
999 _c49834
_d49834